000 00263nam a2200121Ia 4500
008 190216s9999||||xx |||||||||||||| ||und||
100 _aManisha
245 0 _aHindi - Aur Aurat Angha
260 _bSulphan
_c2006
300 _a144
650 _aHindi
942 _cBK
999 _c16451
_d16451